000 00459nam a22001937a 4500
003 MPLRDC
005 20220104154845.0
008 210129b ||||| |||| 00| 0 eng d
020 _a986-7842-02-2
082 _a487.7 JX
100 _a久宣
245 _a出版巨擘商务印书馆
_c
250 _a初版
260 _a台湾
_b台湾宝岛社
_c2002
300 _b
490 _a金字招牌. 04
650 _a出版业
942 _cBK
_o487.7 JX
999 _c54195
_d54185